000 00799nam a22002415i 4500
001 152299
003 ES-MaACL
005 20231107115726.0
008 140903s2010 sp |||| | spa d
020 _a978-84-936006-8-6
080 _a179.9
100 1 _aNoguchi, Yoshinori (
_d1963-)
_9155358
245 1 0 _aLa ley del espejo /
_cYoshinori Noguchi ; traducción de Mercè Torra.
246 2 _aSubtítulo de la cubierta: Una regla mágica que da solución a cualquier problema en la vida
250 _a1ª ed.
260 _aBarcelona :
_bComanegra,
_c2010.
300 _a101 p. ;
_c19 cm.
650 0 4 _aPerdón.
_915935
700 1 _aTorra, Mercè.
_9155359
852 _aES-MaACL
_jA-13218
_9157809
_bR.150182
_cDEPO1
_dOlim: N-6218
942 _2udc
_cMONOGRAFIA
999 _c152299
_d152299